[Event "DVM U16w 2024"]
[Site "Neumünster GER"]
[Date "2024.12.27"]
[Round "1"]
[White "Gold, Finnja"]
[Black "Ignatova, Gabriela"]
[Result "0-1"]
[Termination "normal"]
[Board "8.2"]
[WhiteElo "1657"]
[BlackElo "1595"]
[WhiteClock "00:46:47"]
[BlackClock "00:16:35"]
[WhiteTeam "SV Nürtingen 1920"]
[BlackTeam "Meuselwitzer SV"]
[PlyCount "82"]
[WhiteFideId "34660453"]
[BlackFideId "34623698"]
[EventCountry "GER"]
[EventRounds "7"]
[EventType "team-swiss"]
[EventDate "2024.12.26"]

1. e4 {[%clk 01:30:58]} {[%emt 00:00:01]} c5 {[%clk 01:30:52]} {[%emt
00:00:08]} 2. c3 {[%clk 01:31:23]} {[%emt 00:00:05]} Nf6 {[%clk 01:31:12]}
{[%emt 00:00:11]} 3. e5 {[%clk 01:31:46]} {[%emt 00:00:07]} Nd5 {[%clk
01:31:32]} {[%emt 00:00:09]} 4. d4 {[%clk 01:32:09]} {[%emt 00:00:08]} cxd4
{[%clk 01:31:38]} {[%emt 00:00:23]} 5. Nf3 {[%clk 01:32:30]} {[%emt 00:00:09]}
Nc6 {[%clk 01:31:47]} {[%emt 00:00:21]} 6. cxd4 {[%clk 01:32:45]} {[%emt
00:00:16]} d6 {[%clk 01:31:30]} {[%emt 00:00:47]} 7. Bc4 {[%clk 01:33:02]}
{[%emt 00:00:12]} Nb6 {[%clk 01:30:59]} {[%emt 00:01:00]} 8. Bb3 {[%clk
01:33:15]} {[%emt 00:00:18]} dxe5 {[%clk 01:30:32]} {[%emt 00:00:58]} 9. dxe5
{[%clk 01:32:24]} {[%emt 00:01:22]} Qxd1+ {[%clk 01:30:47]} {[%emt 00:00:15]}
10. Bxd1 {[%clk 01:32:40]} {[%emt 00:00:13]} Bf5 {[%clk 01:30:30]} {[%emt
00:00:46]} 11. O-O {[%clk 01:31:50]} {[%emt 00:01:21]} g6 {[%clk 01:28:13]}
{[%emt 00:02:47]} 12. b3 {[%clk 01:31:16]} {[%emt 00:01:04]} Bg7 {[%clk
01:26:52]} {[%emt 00:01:51]} 13. Bb2 {[%clk 01:31:04]} {[%emt 00:00:42]} Nd7
{[%clk 01:24:24]} {[%emt 00:02:58]} 14. Re1 {[%clk 01:30:27]} {[%emt 00:01:07]}
Rd8 {[%clk 01:18:08]} {[%emt 00:06:46]} 15. Na3 {[%clk 01:29:48]} {[%emt
00:01:09]} O-O {[%clk 01:14:31]} {[%emt 00:04:07]} 16. h3 {[%clk 01:29:41]}
{[%emt 00:00:36]} Nc5 {[%clk 01:08:40]} {[%emt 00:06:19]} 17. Bc3 {[%clk
01:15:24]} {[%emt 00:14:49]} Nd3 {[%clk 01:04:05]} {[%emt 00:05:04]} 18. Re3
{[%clk 01:11:50]} {[%emt 00:03:55]} Rd5 {[%clk 01:01:00]} {[%emt 00:03:45]} 19.
g4 {[%clk 01:06:31]} {[%emt 00:05:47]} Bc8 {[%clk 00:53:06]} {[%emt 00:08:25]}
20. Nc4 {[%clk 01:00:21]} {[%emt 00:06:37]} b5 {[%clk 00:46:51]} {[%emt
00:06:49]} 21. Nb2 {[%clk 00:59:28]} {[%emt 00:01:22]} Ndxe5 {[%clk 00:39:28]}
{[%emt 00:07:54]} 22. Nxe5 {[%clk 00:58:30]} {[%emt 00:01:28]} Nxe5 {[%clk
00:34:27]} {[%emt 00:05:30]} 23. f4 {[%clk 00:57:19]} {[%emt 00:01:42]} Nc6
{[%clk 00:23:09]} {[%emt 00:11:49]} 24. Bxg7 {[%clk 00:56:32]} {[%emt
00:01:17]} Kxg7 {[%clk 00:23:20]} {[%emt 00:00:18]} 25. Bf3 {[%clk 00:56:41]}
{[%emt 00:00:20]} Rc5 {[%clk 00:22:21]} {[%emt 00:01:30]} 26. Nd3 {[%clk
00:56:02]} {[%emt 00:01:09]} Rc3 {[%clk 00:20:09]} {[%emt 00:02:42]} 27. Bxc6
{[%clk 00:56:20]} {[%emt 00:00:13]} Rxc6 {[%clk 00:20:07]} {[%emt 00:00:31]}
28. Rxe7 {[%clk 00:56:40]} {[%emt 00:00:10]} a6 {[%clk 00:19:11]} {[%emt
00:01:27]} 29. Nb4 {[%clk 00:56:14]} {[%emt 00:00:56]} Rc3 {[%clk 00:18:08]}
{[%emt 00:01:32]} 30. Kh2 {[%clk 00:55:35]} {[%emt 00:01:06]} Rd8 {[%clk
00:17:48]} {[%emt 00:00:53]} 31. Ra7 {[%clk 00:52:09]} {[%emt 00:03:54]} Rd2+
{[%clk 00:17:34]} {[%emt 00:00:45]} 32. Kg1 {[%clk 00:51:38]} {[%emt 00:01:01]}
Rxh3 {[%clk 00:17:17]} {[%emt 00:00:48]} 33. Nxa6 {[%clk 00:51:40]} {[%emt
00:00:28]} Bxg4 {[%clk 00:15:26]} {[%emt 00:02:21]} 34. Rf1 {[%clk 00:50:44]}
{[%emt 00:01:25]} Rhh2 {[%clk 00:15:31]} {[%emt 00:00:26]} 35. Re1 {[%clk
00:49:12]} {[%emt 00:02:03]} Rdg2+ {[%clk 00:15:02]} {[%emt 00:00:58]} 36. Kf1
{[%clk 00:49:26]} {[%emt 00:00:17]} Be2+ {[%clk 00:15:22]} {[%emt 00:00:09]}
37. Rxe2 {[%clk 00:49:48]} {[%emt 00:00:10]} Rxe2 {[%clk 00:15:47]} {[%emt
00:00:05]} 38. Nb4 {[%clk 00:49:46]} {[%emt 00:00:31]} Rb2 {[%clk 00:16:01]}
{[%emt 00:00:14]} 39. Kg1 {[%clk 00:48:49]} {[%emt 00:01:29]} Rhd2 {[%clk
00:16:14]} {[%emt 00:00:14]} 40. Re7 {[%clk 00:46:24]} {[%emt 00:02:58]} Rd1+
{[%clk 00:16:35]} {[%emt 00:00:07]} 41. Re1 {[%clk 00:46:47]} {[%emt 00:00:08]}
Rxe1# {[%emt 00:00:06]} 0-1

[Event "DVM U16w 2024"]
[Site "Neumünster GER"]
[Date "2024.12.27"]
[Round "1"]
[White "Christiansen, Jana-Marie"]
[Black "Shynkar, Daria"]
[Result "0-1"]
[Termination "normal"]
[Board "9.1"]
[WhiteElo "1602"]
[BlackElo "1685"]
[WhiteClock "00:20:46"]
[BlackClock "00:07:24"]
[WhiteTeam "SC Agon Neumünster"]
[BlackTeam "SchachAkademiePaderborn"]
[PlyCount "112"]
[WhiteFideId "16295820"]
[BlackFideId "34163212"]
[EventCountry "GER"]
[EventRounds "7"]
[EventType "team-swiss"]
[EventDate "2024.12.26"]

1. c4 {[%clk 01:30:58]} {[%emt 00:00:02]} Nf6 {[%clk 01:30:53]} {[%emt
00:00:07]} 2. g3 {[%clk 01:31:19]} {[%emt 00:00:09]} e6 {[%clk 01:31:14]}
{[%emt 00:00:09]} 3. Bg2 {[%clk 01:31:33]} {[%emt 00:00:15]} d5 {[%clk
01:31:28]} {[%emt 00:00:17]} 4. cxd5 {[%clk 01:31:51]} {[%emt 00:00:12]} exd5
{[%clk 01:31:44]} {[%emt 00:00:13]} 5. d4 {[%clk 01:32:03]} {[%emt 00:00:18]}
Be7 {[%clk 01:31:29]} {[%emt 00:00:45]} 6. Nc3 {[%clk 01:31:56]} {[%emt
00:00:38]} c6 {[%clk 01:31:06]} {[%emt 00:00:52]} 7. e3 {[%clk 01:31:58]}
{[%emt 00:00:28]} Nbd7 {[%clk 01:30:21]} {[%emt 00:01:16]} 8. Nge2 {[%clk
01:31:58]} {[%emt 00:00:29]} O-O {[%clk 01:28:55]} {[%emt 00:01:57]} 9. O-O
{[%clk 01:30:52]} {[%emt 00:01:36]} Nb6 {[%clk 01:25:05]} {[%emt 00:04:21]} 10.
b3 {[%clk 01:27:32]} {[%emt 00:03:50]} Bf5 {[%clk 01:21:28]} {[%emt 00:04:05]}
11. Re1 {[%clk 01:26:20]} {[%emt 00:01:43]} Bb4 {[%clk 01:17:30]} {[%emt
00:04:28]} 12. Bd2 {[%clk 01:24:59]} {[%emt 00:01:51]} Bxc3 {[%clk 01:17:07]}
{[%emt 00:00:53]} 13. Bxc3 {[%clk 01:23:45]} {[%emt 00:01:44]} Ne4 {[%clk
01:17:08]} {[%emt 00:00:29]} 14. Bb2 {[%clk 01:23:18]} {[%emt 00:00:57]} Qf6
{[%clk 01:10:54]} {[%emt 00:06:44]} 15. Rf1 {[%clk 01:19:46]} {[%emt 00:04:02]}
Qh6 {[%clk 01:08:02]} {[%emt 00:03:22]} 16. Nc3 {[%clk 01:17:36]} {[%emt
00:02:40]} Nxc3 {[%clk 01:07:36]} {[%emt 00:00:56]} 17. Bxc3 {[%clk 01:18:00]}
{[%emt 00:00:06]} Bh3 {[%clk 01:07:57]} {[%emt 00:00:09]} 18. Re1 {[%clk
01:17:41]} {[%emt 00:00:49]} Bxg2 {[%clk 01:08:14]} {[%emt 00:00:14]} 19. Kxg2
{[%clk 01:18:04]} {[%emt 00:00:07]} f5 {[%clk 01:06:45]} {[%emt 00:01:59]} 20.
Qf3 {[%clk 01:14:07]} {[%emt 00:04:26]} Nd7 {[%clk 01:04:20]} {[%emt 00:02:56]}
21. Qf4 {[%clk 01:12:26]} {[%emt 00:02:11]} Qg6 {[%clk 01:02:05]} {[%emt
00:02:43]} 22. Qc7 {[%clk 01:01:30]} {[%emt 00:11:29]} Nf6 {[%clk 01:00:12]}
{[%emt 00:02:21]} 23. Qxb7 {[%clk 00:59:00]} {[%emt 00:03:02]} Ne4 {[%clk
00:58:58]} {[%emt 00:01:43]} 24. Rac1 {[%clk 00:57:33]} {[%emt 00:01:57]} Rfb8
{[%clk 00:53:51]} {[%emt 00:05:35]} 25. Qa6 {[%clk 00:56:55]} {[%emt 00:01:10]}
Rb6 {[%clk 00:53:41]} {[%emt 00:00:40]} 26. Qd3 {[%clk 00:56:02]} {[%emt
00:01:21]} Rf8 {[%clk 00:52:18]} {[%emt 00:01:54]} 27. Bd2 {[%clk 00:53:07]}
{[%emt 00:03:25]} Qh5 {[%clk 00:47:13]} {[%emt 00:05:34]} 28. Qe2 {[%clk
00:48:54]} {[%emt 00:04:44]} Qh6 {[%clk 00:44:32]} {[%emt 00:03:11]} 29. Rc2
{[%clk 00:46:45]} {[%emt 00:02:39]} Rf6 {[%clk 00:38:44]} {[%emt 00:06:19]} 30.
f3 {[%clk 00:45:02]} {[%emt 00:02:13]} Nxd2 {[%clk 00:37:53]} {[%emt 00:01:21]}
31. Qxd2 {[%clk 00:44:58]} {[%emt 00:00:33]} Qh5 {[%clk 00:36:49]} {[%emt
00:01:32]} 32. Rec1 {[%clk 00:41:24]} {[%emt 00:04:06]} Rh6 {[%clk 00:36:03]}
{[%emt 00:01:16]} 33. Kg1 {[%clk 00:40:31]} {[%emt 00:01:22]} Qxf3 {[%clk
00:32:21]} {[%emt 00:04:13]} 34. Rf1 {[%clk 00:39:30]} {[%emt 00:01:31]} Qe4
{[%clk 00:31:46]} {[%emt 00:01:04]} 35. Rc5 {[%clk 00:37:24]} {[%emt 00:02:37]}
Re6 {[%clk 00:28:02]} {[%emt 00:04:15]} 36. Ra5 {[%emt 00:03:09]} Re7 {[%clk
00:26:03]} {[%emt 00:02:27]} 37. Rf4 {[%clk 00:33:01]} {[%emt 00:02:15]} Qe6
{[%clk 00:25:28]} {[%emt 00:01:03]} 38. Qf2 {[%clk 00:30:13]} {[%emt 00:03:19]}
g6 {[%clk 00:23:22]} {[%emt 00:02:37]} 39. h3 {[%clk 00:29:05]} {[%emt
00:01:37]} Qxe3 {[%clk 00:19:31]} {[%emt 00:04:22]} 40. Qxe3 {[%clk 00:28:53]}
{[%emt 00:00:42]} Rxe3 {[%clk 00:19:59]} {[%emt 00:00:03]} 41. Rxa7 {[%clk
00:29:02]} {[%emt 00:00:22]} Rxg3+ {[%clk 00:20:18]} {[%emt 00:00:10]} 42. Kh2
{[%clk 00:29:18]} {[%emt 00:00:13]} Re3 {[%clk 00:20:38]} {[%emt 00:00:09]} 43.
Rf2 {[%clk 00:27:52]} {[%emt 00:01:55]} Re4 {[%clk 00:18:36]} {[%emt 00:02:35]}
44. Rd2 {[%clk 00:28:01]} {[%emt 00:00:20]} Rb4 {[%clk 00:11:48]} {[%emt
00:07:17]} 45. Rc2 {[%clk 00:26:44]} {[%emt 00:01:48]} Re6 {[%clk 00:10:31]}
{[%emt 00:01:46]} 46. Rd2 {[%clk 00:26:14]} {[%emt 00:01:00]} f4 {[%clk
00:07:45]} {[%emt 00:03:17]} 47. Kg2 {[%clk 00:26:13]} {[%emt 00:00:30]} g5
{[%clk 00:06:21]} {[%emt 00:01:55]} 48. Rc7 {[%clk 00:25:19]} {[%emt 00:01:24]}
Rb6 {[%clk 00:05:51]} {[%emt 00:01:00]} 49. Rd3 {[%clk 00:22:37]} {[%emt
00:03:09]} Re2+ {[%clk 00:05:34]} {[%emt 00:00:50]} 50. Kf3 {[%clk 00:22:48]}
{[%emt 00:00:19]} Rxa2 {[%clk 00:05:53]} {[%emt 00:00:10]} 51. Kg4 {[%clk
00:20:51]} {[%emt 00:02:25]} Rg2+ {[%clk 00:05:51]} {[%emt 00:00:32]} 52. Kf3
{[%clk 00:19:13]} {[%emt 00:02:09]} Rg3+ {[%clk 00:06:12]} {[%emt 00:00:09]}
53. Ke2 {[%clk 00:19:36]} {[%emt 00:00:05]} Rxd3 {[%clk 00:06:35]} {[%emt
00:00:08]} 54. Kxd3 {[%clk 00:20:02]} {[%emt 00:00:05]} Rxb3+ {[%clk 00:06:55]}
{[%emt 00:00:10]} 55. Ke2 {[%clk 00:20:21]} {[%emt 00:00:09]} Rxh3 {[%clk
00:07:20]} {[%emt 00:00:07]} 56. Rxc6 {[%clk 00:20:46]} {[%emt 00:00:05]} g4
{[%clk 00:07:24]} {[%emt 00:00:24]} 0-1

[Event "DVM U16w 2024"]
[Site "Neumünster GER"]
[Date "2024.12.27"]
[Round "1"]
[White "Gruber, Florentine"]
[Black "Guliyeva, Zahra"]
[Result "0-1"]
[Termination "normal"]
[Board "9.2"]
[WhiteElo "1539"]
[BlackElo "1053"]
[WhiteClock "00:17:02"]
[BlackClock "01:01:31"]
[WhiteTeam "SchachAkademiePaderborn"]
[BlackTeam "SC Agon Neumünster"]
[PlyCount "112"]
[WhiteFideId "34605711"]
[BlackFideId "34630198"]
[EventCountry "GER"]
[EventRounds "7"]
[EventType "team-swiss"]
[EventDate "2024.12.26"]

1. d4 {[%clk 01:30:58]} {[%emt 00:00:02]} d5 {[%clk 01:30:55]} {[%emt
00:00:05]} 2. c4 {[%clk 01:31:22]} {[%emt 00:00:06]} e6 {[%clk 01:30:36]}
{[%emt 00:00:49]} 3. Nf3 {[%clk 01:31:29]} {[%emt 00:00:22]} Nc6 {[%clk
01:30:40]} {[%emt 00:00:26]} 4. g3 {[%clk 01:31:26]} {[%emt 00:00:33]} Nf6
{[%clk 01:30:44]} {[%emt 00:00:26]} 5. Bg2 {[%clk 01:31:25]} {[%emt 00:00:30]}
Be7 {[%clk 01:30:45]} {[%emt 00:00:30]} 6. O-O {[%clk 01:31:27]} {[%emt
00:00:27]} O-O {[%clk 01:29:03]} {[%emt 00:02:13]} 7. Nbd2 {[%clk 01:30:34]}
{[%emt 00:01:22]} h6 {[%clk 01:24:12]} {[%emt 00:05:20]} 8. Qc2 {[%clk
01:24:21]} {[%emt 00:06:43]} dxc4 {[%clk 01:18:28]} {[%emt 00:06:14]} 9. Qxc4
{[%clk 01:24:00]} {[%emt 00:00:51]} Na5 {[%clk 01:15:55]} {[%emt 00:02:59]} 10.
Qc3 {[%emt 00:07:02]} b6 {[%clk 01:12:05]} {[%emt 00:00:04]} 11. e4 {[%clk
01:15:38]} {[%emt 00:06:42]} Bb7 {[%clk 01:11:31]} {[%emt 00:00:57]} 12. Re1
{[%clk 01:14:22]} {[%emt 00:01:51]} c5 {[%clk 01:09:25]} {[%emt 00:02:36]} 13.
dxc5 {[%clk 01:09:20]} {[%emt 00:05:33]} Bxc5 {[%clk 01:09:36]} {[%emt
00:00:17]} 14. b4 {[%clk 01:05:23]} {[%emt 00:04:28]} Be7 {[%clk 01:08:10]}
{[%emt 00:01:55]} 15. bxa5 {[%clk 01:03:33]} {[%emt 00:02:21]} bxa5 {[%clk
01:08:25]} {[%emt 00:00:15]} 16. Rb1 {[%clk 01:01:20]} {[%emt 00:02:43]} Bb4
{[%clk 01:06:10]} {[%emt 00:02:42]} 17. Qe3 {[%clk 00:56:21]} {[%emt 00:05:32]}
Ng4 {[%clk 01:05:20]} {[%emt 00:01:20]} 18. Qd4 {[%clk 00:54:35]} {[%emt
00:02:09]} Qc8 {[%clk 01:04:01]} {[%emt 00:01:54]} 19. Bb2 {[%clk 00:47:39]}
{[%emt 00:07:29]} e5 {[%clk 01:02:49]} {[%emt 00:01:40]} 20. Qd3 {[%clk
00:37:37]} {[%emt 00:10:32]} Rd8 {[%clk 01:01:42]} {[%emt 00:01:37]} 21. Qb3
{[%clk 00:34:02]} {[%emt 00:04:06]} Bxd2 {[%clk 01:00:55]} {[%emt 00:01:17]}
22. Nxd2 {[%clk 00:33:34]} {[%emt 00:00:58]} Rxd2 {[%clk 01:01:10]} {[%emt
00:00:14]} 23. Bh3 {[%clk 00:29:09]} {[%emt 00:04:55]} Qc5 {[%clk 01:00:21]}
{[%emt 00:01:16]} 24. Re3 {[%clk 00:23:17]} {[%emt 00:06:25]} Nxe3 {[%clk
00:58:37]} {[%emt 00:02:15]} 25. fxe3 {[%clk 00:23:34]} {[%emt 00:00:12]} Bxe4
{[%clk 00:58:36]} {[%emt 00:00:31]} 26. Rf1 {[%clk 00:23:08]} {[%emt 00:00:56]}
Bd5 {[%clk 00:56:58]} {[%emt 00:02:08]} 27. Ba3 {[%clk 00:19:12]} {[%emt
00:04:26]} Bxb3 {[%clk 00:56:43]} {[%emt 00:00:45]} 28. Bxc5 {[%clk 00:19:34]}
{[%emt 00:00:08]} Bxa2 {[%clk 00:56:53]} {[%emt 00:00:20]} 29. Bg2 {[%clk
00:19:39]} {[%emt 00:00:24]} Rc8 {[%clk 00:57:18]} {[%emt 00:00:06]} 30. Bxa7
{[%clk 00:19:34]} {[%emt 00:00:34]} Rcc2 {[%clk 00:57:44]} {[%emt 00:00:05]}
31. Be4 {[%clk 00:19:44]} {[%emt 00:00:20]} Bd5 {[%clk 00:57:03]} {[%emt
00:01:10]} 32. Bxd5 {[%emt 00:01:31]} Rxd5 {[%clk 00:57:22]} {[%emt 00:00:09]}
33. e4 {[%clk 00:18:47]} {[%emt 00:00:28]} Rdd2 {[%clk 00:57:45]} {[%emt
00:00:06]} 34. Ra1 {[%clk 00:18:26]} {[%emt 00:00:51]} Rg2+ {[%clk 00:58:08]}
{[%emt 00:00:08]} 35. Kf1 {[%clk 00:18:47]} {[%emt 00:00:08]} Rxh2 {[%clk
00:58:23]} {[%emt 00:00:16]} 36. Bg1 {[%clk 00:18:49]} {[%emt 00:00:28]} Rhe2
{[%clk 00:58:24]} {[%emt 00:00:29]} 37. Rxa5 {[%clk 00:19:01]} {[%emt
00:00:18]} Rxe4 {[%clk 00:58:38]} {[%emt 00:00:16]} 38. Ra1 {[%clk 00:18:11]}
{[%emt 00:01:19]} f5 {[%clk 00:58:47]} {[%emt 00:00:21]} 39. Rd1 {[%clk
00:18:15]} {[%emt 00:00:25]} f4 {[%clk 00:59:02]} {[%emt 00:00:16]} 40. gxf4
{[%clk 00:18:11]} {[%emt 00:00:33]} Rxf4+ {[%clk 00:59:23]} {[%emt 00:00:09]}
41. Ke1 {[%clk 00:18:27]} {[%emt 00:00:14]} Rcc4 {[%clk 00:59:29]} {[%emt
00:00:23]} 42. Ke2 {[%clk 00:17:57]} {[%emt 00:01:01]} Rfe4+ {[%clk 00:59:34]}
{[%emt 00:00:25]} 43. Kd2 {[%clk 00:18:08]} {[%emt 00:00:19]} Rg4 {[%clk
00:59:47]} {[%emt 00:00:17]} 44. Ke2 {[%clk 00:18:14]} {[%emt 00:00:24]} Rc2+
{[%clk 00:59:51]} {[%emt 00:00:26]} 45. Ke3 {[%clk 00:18:15]} {[%emt 00:00:29]}
Rg3+ {[%clk 00:59:45]} {[%emt 00:00:36]} 46. Ke4 {[%clk 00:18:34]} {[%emt
00:00:11]} Rc4+ {[%clk 00:59:58]} {[%emt 00:00:16]} 47. Kxe5 {[%clk 00:18:48]}
{[%emt 00:00:16]} Rg5+ {[%clk 01:00:22]} {[%emt 00:00:06]} 48. Kd6 {[%clk
00:19:04]} {[%emt 00:00:15]} Ra4 {[%clk 01:00:36]} {[%emt 00:00:14]} 49. Kc6
{[%clk 00:18:31]} {[%emt 00:01:04]} Ra6+ {[%clk 01:00:57]} {[%emt 00:00:09]}
50. Kb7 {[%clk 00:18:35]} {[%emt 00:00:26]} Re6 {[%clk 01:01:18]} {[%emt
00:00:09]} 51. Rd8+ {[%clk 00:18:36]} {[%emt 00:00:28]} Kh7 {[%clk 01:01:42]}
{[%emt 00:00:07]} 52. Bd4 {[%clk 00:18:35]} {[%emt 00:00:31]} Rb5+ {[%clk
01:02:03]} {[%emt 00:00:08]} 53. Kc7 {[%clk 00:18:50]} {[%emt 00:00:15]} Rf5
{[%clk 01:02:03]} {[%emt 00:00:30]} 54. Rd7 {[%clk 00:18:48]} {[%emt 00:00:32]}
h5 {[%clk 01:01:17]} {[%emt 00:01:17]} 55. Rxg7 {[%clk 00:19:03]} {[%emt
00:00:15]} Kh6 {[%clk 01:01:32]} {[%emt 00:00:13]} 56. Kd7 {[%clk 00:17:02]}
{[%emt 00:02:33]} Re4 {[%clk 01:01:31]} {[%emt 00:00:30]} 0-1

[Event "DVM U16w 2024"]
[Site "Neumünster GER"]
[Date "2024.12.27"]
[Round "1"]
[White "Sayouf, Rafif"]
[Black "Kasten, Luna Seraphine"]
[Result "1-0"]
[Termination "normal"]
[Board "10.1"]
[WhiteElo "1680"]
[BlackElo "1203"]
[WhiteClock "01:29:33"]
[BlackClock "01:28:40"]
[WhiteTeam "USG Chemnitz"]
[BlackTeam "SV Eintracht Tangerhütte"]
[PlyCount "87"]
[WhiteFideId "34630333"]
[BlackFideId "34681639"]
[EventCountry "GER"]
[EventRounds "7"]
[EventType "team-swiss"]
[EventDate "2024.12.26"]

1. e4 {[%clk 01:30:59]} d5 {[%clk 01:30:47]} {[%emt 00:00:13]} 2. exd5 {[%clk
01:31:24]} {[%emt 00:00:05]} c6 {[%clk 01:31:11]} {[%emt 00:00:06]} 3. dxc6
{[%clk 01:31:45]} {[%emt 00:00:08]} Nxc6 {[%clk 01:31:36]} {[%emt 00:00:05]} 4.
Nf3 {[%clk 01:32:03]} {[%emt 00:00:12]} Nf6 {[%clk 01:31:39]} {[%emt 00:00:26]}
5. Nc3 {[%clk 01:32:27]} {[%emt 00:00:07]} Bg4 {[%clk 01:32:01]} {[%emt
00:00:09]} 6. Be2 {[%clk 01:32:35]} {[%emt 00:00:21]} e5 {[%clk 01:31:29]}
{[%emt 00:01:02]} 7. d3 {[%clk 01:32:34]} {[%emt 00:00:31]} Bb4 {[%clk
01:31:28]} {[%emt 00:00:31]} 8. Bd2 {[%clk 01:32:45]} {[%emt 00:00:18]} O-O
{[%clk 01:31:45]} {[%emt 00:00:14]} 9. O-O {[%clk 01:32:43]} {[%emt 00:00:33]}
Re8 {[%clk 01:31:28]} {[%emt 00:00:47]} 10. a3 {[%clk 01:30:24]} {[%emt
00:02:49]} Bd6 {[%clk 01:31:26]} {[%emt 00:00:32]} 11. Bg5 {[%clk 01:28:59]}
{[%emt 00:01:54]} h6 {[%clk 01:31:30]} {[%emt 00:00:27]} 12. Bh4 {[%clk
01:29:12]} {[%emt 00:00:15]} Nd4 {[%clk 01:31:27]} {[%emt 00:00:34]} 13. Nxd4
{[%clk 01:29:21]} {[%emt 00:00:22]} exd4 {[%clk 01:31:29]} {[%emt 00:00:29]}
14. Ne4 {[%clk 01:28:44]} {[%emt 00:01:06]} Bxe2 {[%clk 01:31:36]} {[%emt
00:00:24]} 15. Qxe2 {[%clk 01:29:07]} {[%emt 00:00:06]} Re6 {[%clk 01:31:47]}
{[%emt 00:00:19]} 16. Bxf6 {[%clk 01:28:58]} {[%emt 00:00:40]} gxf6 {[%clk
01:30:49]} {[%emt 00:01:20]} 17. Qg4+ {[%clk 01:29:16]} {[%emt 00:00:18]} Kh7
{[%clk 01:29:41]} {[%emt 00:01:28]} 18. Qf5+ {[%clk 01:28:00]} {[%emt
00:01:56]} Kh8 {[%clk 01:29:30]} {[%emt 00:00:42]} 19. Rae1 {[%clk 01:27:43]}
{[%emt 00:00:45]} Bb8 {[%clk 01:29:32]} {[%emt 00:00:29]} 20. Ng3 {[%clk
01:26:28]} {[%emt 00:01:45]} Qd6 {[%clk 01:28:12]} {[%emt 00:01:46]} 21. Rxe6
{[%clk 01:26:42]} {[%emt 00:00:20]} Qxe6 {[%clk 01:28:24]} {[%emt 00:00:18]}
22. Qxe6 {[%clk 01:27:05]} {[%emt 00:00:06]} fxe6 {[%clk 01:28:43]} {[%emt
00:00:13]} 23. Re1 {[%clk 01:27:33]} {[%emt 00:00:02]} Bxg3 {[%clk 01:28:19]}
{[%emt 00:00:53]} 24. hxg3 {[%clk 01:27:55]} {[%emt 00:00:08]} e5 {[%clk
01:28:42]} {[%emt 00:00:06]} 25. f4 {[%clk 01:28:09]} {[%emt 00:00:16]} Re8
{[%clk 01:28:41]} {[%emt 00:00:33]} 26. Kf2 {[%clk 01:28:18]} {[%emt 00:00:19]}
Kg8 {[%clk 01:28:46]} {[%emt 00:00:25]} 27. Kf3 {[%clk 01:28:33]} {[%emt
00:00:15]} Kf7 {[%clk 01:28:52]} {[%emt 00:00:24]} 28. g4 {[%clk 01:27:23]}
{[%emt 00:01:38]} a6 {[%clk 01:28:30]} {[%emt 00:00:54]} 29. fxe5 {[%clk
01:26:45]} {[%emt 00:01:08]} Rxe5 {[%clk 01:28:32]} {[%emt 00:00:28]} 30. Re4
{[%clk 01:25:52]} {[%emt 00:01:23]} Rxe4 {[%clk 01:28:35]} {[%emt 00:00:29]}
31. Kxe4 {[%clk 01:26:14]} {[%emt 00:00:06]} Kg6 {[%clk 01:28:48]} {[%emt
00:00:17]} 32. Kxd4 {[%clk 01:26:38]} {[%emt 00:00:07]} f5 {[%clk 01:29:13]}
{[%emt 00:00:05]} 33. gxf5+ {[%clk 01:27:02]} {[%emt 00:00:06]} Kxf5 {[%clk
01:29:09]} {[%emt 00:00:34]} 34. Kc5 {[%clk 01:26:52]} {[%emt 00:00:40]} h5
{[%emt 00:00:20]} 35. d4 {[%emt 00:00:09]} Kg4 {[%clk 01:28:56]} {[%emt
00:00:14]} 36. d5 {[%clk 01:27:17]} {[%emt 00:00:05]} h4 {[%clk 01:29:21]}
{[%emt 00:00:03]} 37. d6 {[%clk 01:27:44]} {[%emt 00:00:04]} Kg3 {[%clk
01:28:57]} {[%emt 00:00:54]} 38. d7 {[%clk 01:28:08]} {[%emt 00:00:06]} Kxg2
{[%clk 01:29:14]} {[%emt 00:00:13]} 39. d8=Q {[%clk 01:28:33]} {[%emt
00:00:05]} h3 {[%clk 01:29:19]} {[%emt 00:00:25]} 40. Qg5+ {[%clk 01:28:47]}
{[%emt 00:00:15]} Kh1 {[%clk 01:29:19]} {[%emt 00:00:31]} 41. Kd4 {[%clk
01:29:08]} {[%emt 00:00:08]} b5 {[%clk 01:29:07]} {[%emt 00:00:38]} 42. Ke3
{[%clk 01:29:33]} {[%emt 00:00:10]} a5 {[%emt 00:00:23]} 43. Kf2 {[%emt
00:00:07]} b4 {[%clk 01:28:40]} {[%emt 00:00:27]} 44. Qg1+ {[%emt 00:00:06]}
1-0